01073nam a22002775a 4500008004100000010001600041020001500057020001700072082001600089100004100105245009600146250001200242260004800254300006100302504005300363590002000416650005400436650005200490650004000542651001000582653002300592700002900615942002300644999001500667952011300682110619s1995 maua|||frb||| 001 0 eng d a 94001384 a0201592932 a97802059293104a658.18bDAN aDaniels, John D. 92549110aInternational Business :bEnvironments and Operations /cJohn D. Daniels, Lee H. Radebaugh. a7th ed. aReading, Mass. :bAddison-Wesley,cc. 1995. avarious pagings :bill. (some col.), col. maps ;c27 cm. aIncludes bibliographical references and indexes. aMohamed Hussein 0aInternational business enterprises.9254922BUEsh 0aInternational economic relations.9254932BUEsh 0aInvestments, Foreign.9254942BUEsh 2BUEsh cAugust2015bBUSECO1 aRadebaugh, Lee H.925495 cBBk658.18DAN2ddc c5698d5698 00102ddc40708 aMAINbMAINc1STd2011-06-19epurchasel1o658.18 DANp000007161r2025-07-15 00:00:00yBB